000 00667cam a22002291 4500
001 ne 64001880
003 DLC
005 20260227111802.0
008 810608s1962 ua 000 0 eng
010 _ane 64001880
035 _a(OCoLC)16762146
040 _aDLC
_cOrPS
_dDLC
042 _apremarc
043 _af-ua---
050 0 0 _aHD7239
_b.A47
110 1 _aUnited Arab Republic.
_bWizārat al-Shʼūn al-Ijtimāʻīyah wa-al-ʻAmal.
245 1 0 _aBook IV: Social insurances.
260 _aCairo,
_bGeneral Organisation for Govt. Print. Offices,
_c1962.
300 _a43 p.
_c24 cm.
650 0 _aSocial security
_zEgypt.
740 0 _aSocial insurances.
999 _c47261
_d47261